[Event "19. Int. Boeblinger Open 2002"]
[Site "Boeblingen"]
[Date "2002.12.30"]
[Round "8"]
[White "Gritsch, Christoph"]
[Black "Gerhardt, Peter-Michael"]
[Result "1-0"]
[WhiteElo "2201"]
[BlackElo "2124"]
[PlyCount "69"]
[EventDate "2002.??.??"]

1. e4 g6 2. d4 Bg7 3. Be3 e6 4. Qd2 d5 5. Nc3 c6 6. Nf3 Nd7 7. Bd3 Ne7 8. Bh6
O-O 9. Bxg7 Kxg7 10. h4 dxe4 11. Nxe4 f5 12. Neg5 Nf6 13. O-O-O Ned5 14. Ne5
Qc7 15. Ngf3 Kg8 16. Qg5 Qg7 17. Rde1 Nd7 18. h5 Nxe5 19. Nxe5 h6 20. Qxg6 Ne7
21. Qxg7+ Kxg7 22. Rh3 Kf6 23. Rg3 Rg8 24. Rxg8 Nxg8 25. Re3 Ne7 26. Rg3 b6 27.
Ng6 Nd5 28. Bc4 Bd7 29. Bxd5 exd5 30. Ne5 Be8 31. Rg8 c5 32. c3 f4 33. Ng4+ Kf5
34. Nxh6+ Ke4 35. Ng4 1-0

[Event "19. Int. Boeblinger Open 2002"]
[Site "Boeblingen"]
[Date "2002.12.30"]
[Round "8"]
[White "Huettig, Michael"]
[Black "Schoenegg, Thomas"]
[Result "1/2-1/2"]
[WhiteElo "2177"]
[BlackElo "2123"]
[PlyCount "103"]
[EventDate "2002.??.??"]

1. Nf3 d5 2. g3 c6 3. Bg2 Nf6 4. d3 Bg4 5. Nbd2 e6 6. h3 Bh5 7. c4 a5 8. b3 Bd6
9. a3 Qe7 10. Bb2 Nbd7 11. Ra2 O-O 12. Qa1 Rfd8 13. O-O Ne8 14. Re1 f6 15. e4
dxc4 16. Nxc4 Bc7 17. d4 Nb6 18. a4 Bf7 19. Ba3 Qd7 20. Rd2 Qc8 21. Red1 Nxc4
22. bxc4 Nd6 23. Bxd6 Bxd6 24. c5 Be7 25. e5 Qc7 26. Qc3 b5 27. cxb6 Qxb6 28.
Rb2 Bb4 29. Rc1 Rac8 30. exf6 gxf6 31. Qe3 Kg7 32. Qf4 Bh5 33. g4 Bg6 34. g5
Rf8 35. Nh2 Qd8 36. Ng4 fxg5 37. Qe5+ Kf7 38. Bxc6 Bf5 39. Nh6+ Kg6 40. Nxf5
exf5 41. Rbc2 Qd6 42. Qxd6+ Bxd6 43. Bb5 Rxc2 44. Rxc2 Bb4 45. d5 Rd8 46. Rc6+
Rd6 47. Bc4 Rxc6 48. dxc6 Bd6 49. Bd3 Kf6 50. f3 Ke5 51. Kf2 h5 52. Kg2 1/2-1/2

[Event "19. Int. Boeblinger Open 2002"]
[Site "Boeblingen"]
[Date "2002.12.30"]
[Round "8"]
[White "Hitzler, Philipp"]
[Black "Schuetze, Norman"]
[Result "1-0"]
[WhiteElo "2170"]
[BlackElo "2118"]
[PlyCount "91"]
[EventDate "2002.??.??"]

1. d4 Nf6 2. c4 g6 3. g3 Bg7 4. Bg2 O-O 5. Nf3 d6 6. O-O Nbd7 7. Nc3 e5 8. e4
c6 9. h3 Re8 10. d5 cxd5 11. cxd5 Nc5 12. Re1 a5 13. Bf1 Bd7 14. a4 Qc8 15. Kh2
Nh5 16. Bb5 Re7 17. Bxd7 Qxd7 18. Ra3 f5 19. exf5 gxf5 20. Be3 e4 21. Bxc5 dxc5
22. Nd2 Nf6 23. Nc4 Ra6 24. d6 Re6 25. Nb5 Kh8 26. Rae3 Bh6 27. f4 Qd8 28. Rd3
Nd7 29. Rd5 Rf6 30. Re2 Qg8 31. Ne3 Qg6 32. Nc4 Ra8 33. Ne5 Nxe5 34. fxe5 Rg8
35. Rg2 Bf4 36. exf6 Bxg3+ 37. Kh1 Qh6 38. Rh2 Bxh2 39. f7 Rf8 40. Rxf5 Qxh3
41. Qh5 Qxh5 42. Rxh5 Bf4 43. Rf5 Bh6 44. Nc7 Rd8 45. Ne6 Rxd6 46. f8=Q+ 1-0

[Event "19. Int. Boeblinger Open 2002"]
[Site "Boeblingen"]
[Date "2002.12.30"]
[Round "8"]
[White "Rott, Georg"]
[Black "Vielwock, Vadim"]
[Result "1-0"]
[WhiteElo "2166"]
[BlackElo "2078"]
[PlyCount "55"]
[EventDate "2002.??.??"]

1. e4 e5 2. Nf3 Nc6 3. Bb5 Nd4 4. Nxd4 exd4 5. O-O c6 6. Bc4 Nf6 7. e5 d5 8.
exf6 dxc4 9. Re1+ Be6 10. d3 Qxf6 11. dxc4 Bc5 12. Nd2 Bb6 13. Ne4 Qe7 14. Bg5
Qf8 15. c3 h6 16. Bh4 g5 17. Bg3 O-O-O 18. Be5 Rg8 19. cxd4 Bxc4 20. Nf6 Rg6
21. Rc1 Bd5 22. Qg4+ Be6 23. Qe4 Bd7 24. d5 c5 25. b4 a6 26. bxc5 Bxc5 27. Qb4
b6 28. Qxb6 1-0

[Event "19. Int. Boeblinger Open 2002"]
[Site "Boeblingen"]
[Date "2002.12.30"]
[Round "9"]
[White "Berger, Steve"]
[Black "Gustafsson, Jan"]
[Result "0-1"]
[WhiteElo "2312"]
[BlackElo "2554"]
[PlyCount "78"]
[EventDate "2002.??.??"]

1. e4 e5 2. Nf3 Nc6 3. Bb5 a6 4. Ba4 Nf6 5. O-O Bc5 6. Nxe5 Nxe5 7. d4 b5 8.
dxe5 Nxe4 9. Qd5 Bb7 10. Qxb7 c6 11. Nc3 Nxc3 12. bxc3 Ra7 13. Bg5 Qxg5 14.
Qb8+ Qd8 15. Qxd8+ Kxd8 16. Bb3 f6 17. exf6 gxf6 18. a4 d5 19. Rfd1 Kc7 20. Re1
Kd6 21. Red1 Ke6 22. Re1+ Kf7 23. axb5 axb5 24. Rxa7+ Bxa7 25. Ra1 Bc5 26. Ra6
Rc8 27. g3 Ke6 28. Kg2 Kd6 29. Ra1 Re8 30. Kf3 Kc7 31. Rd1 Re5 32. g4 Re4 33.
h3 Bd6 34. Rd3 Bc5 35. Kg3 Kd6 36. Rf3 Ke6 37. Rf5 Re5 38. Rf3 Bd6 39. Kg2 c5
0-1

[Event "19. Int. Boeblinger Open 2002"]
[Site "Boeblingen"]
[Date "2002.12.30"]
[Round "9"]
[White "Jaracz, Pawel"]
[Black "Duppel, Matthias"]
[Result "1-0"]
[WhiteElo "2545"]
[BlackElo "2440"]
[PlyCount "77"]
[EventDate "2002.??.??"]

1. c4 c5 2. Nf3 Nf6 3. Nc3 e6 4. e3 Nc6 5. d4 d5 6. cxd5 exd5 7. Bb5 Bd6 8.
dxc5 Bxc5 9. O-O O-O 10. b3 a6 11. Bxc6 bxc6 12. Bb2 Bg4 13. Ne2 Bd6 14. Rc1
Rc8 15. Ne5 c5 16. Nxg4 Nxg4 17. Nf4 Qh4 18. h3 Bxf4 19. exf4 Nf6 20. Bxf6 Qxf6
21. Qxd5 Qb2 22. f5 Qxa2 23. f6 Qb2 24. fxg7 Rfd8 25. Qf3 Qxg7 26. Rc4 Rd4 27.
Qf5 Rc6 28. Rxc5 Qf6 29. Qc2 Rxc5 30. Qxc5 Qd6 31. Qc8+ Kg7 32. Re1 Rd3 33.
Qg4+ Qg6 34. Qc4 Qd6 35. b4 Rd4 36. Qc3 Qxb4 37. Qg3+ Kf8 38. Qe5 Kg8 39. Qg5+
1-0

[Event "19. Int. Boeblinger Open 2002"]
[Site "Boeblingen"]
[Date "2002.12.30"]
[Round "9"]
[White "Buhmann, Rainer"]
[Black "Heinl, Thomas"]
[Result "1-0"]
[WhiteElo "2527"]
[BlackElo "2276"]
[PlyCount "56"]
[EventDate "2002.??.??"]

1. d4 Nf6 2. c4 g6 3. Nc3 Bg7 4. e4 d6 5. Be2 O-O 6. Bg5 h6 7. Be3 c5 8. d5 e6
9. Qd2 exd5 10. exd5 Kh7 11. h3 b5 12. cxb5 a6 13. Nf3 axb5 14. Bxb5 Qb6 15.
O-O Bf5 16. a4 Na6 17. a5 Qd8 18. Bc6 Rb8 19. Ra4 Rb4 20. Rfa1 g5 21. Rxb4 Nxb4
22. a6 Nxc6 23. dxc6 Ne4 24. Qd5 Bg6 25. Nxe4 Bxb2 26. Rb1 Qa5 27. Kh2 Bg7 28.
Rb7 Re8 1-0

[Event "19. Int. Boeblinger Open 2002"]
[Site "Boeblingen"]
[Date "2002.12.30"]
[Round "9"]
[White "Schenk, Andreas"]
[Black "Deglmann, Ludwig"]
[Result "1-0"]
[WhiteElo "2479"]
[BlackElo "2269"]
[PlyCount "45"]
[EventDate "2002.??.??"]

1. d4 f5 2. Nc3 Nf6 3. Bg5 d5 4. f3 Nc6 5. Qd2 h6 6. Bh4 e6 7. e3 b6 8. O-O-O
Bb7 9. e4 g5 10. Bf2 fxe4 11. fxe4 dxe4 12. Nge2 Bb4 13. a3 Bxc3 14. Nxc3 Ne7
15. h4 g4 16. Bb5+ Kf7 17. Bg3 Nf5 18. Be5 c5 19. d5 Bxd5 20. Qf4 Kg6 21. Rhf1
Rf8 22. Nxd5 Nxd5 23. Qxg4+ 1-0

[Event "19. Int. Boeblinger Open 2002"]
[Site "Boeblingen"]
[Date "2002.12.30"]
[Round "9"]
[White "Jaracz, Barbara"]
[Black "Filipovic, Branko"]
[Result "1-0"]
[WhiteElo "2270"]
[BlackElo "2446"]
[PlyCount "55"]
[EventDate "2002.??.??"]

1. e4 b6 2. d4 Bb7 3. Bd3 e6 4. Ne2 c5 5. c3 Nf6 6. Nd2 d6 7. O-O Nbd7 8. f4
cxd4 9. cxd4 Be7 10. Ng3 h5 11. e5 Ng4 12. Nde4 d5 13. Ng5 Ndxe5 14. Nxe6 fxe6
15. fxe5 Kd7 16. h3 Nh6 17. Nxh5 Kc7 18. Nxg7 Kb8 19. Nxe6 Qg8 20. Nf4 Nf7 21.
Ng6 Ng5 22. Bxg5 Bxg5 23. Nxh8 Be3+ 24. Kh1 Qxh8 25. Qg4 a6 26. Rf7 Ka7 27. Qd7
Qc8 28. Qxd5 1-0

[Event "19. Int. Boeblinger Open 2002"]
[Site "Boeblingen"]
[Date "2002.12.30"]
[Round "9"]
[White "Gheng, Josef"]
[Black "Marasescu, Ioan"]
[Result "1-0"]
[WhiteElo "2314"]
[BlackElo "2295"]
[PlyCount "77"]
[EventDate "2002.??.??"]

1. c4 Nf6 2. g3 c5 3. Bg2 d5 4. cxd5 Nxd5 5. Nc3 Nc7 6. f4 e6 7. b3 Be7 8. Bb2
O-O 9. Rc1 Nd5 10. Nf3 Nc6 11. O-O Nxc3 12. Bxc3 Qb6 13. Kh1 Bd7 14. d3 Rac8
15. Qd2 Rfd8 16. Ne5 Be8 17. Nc4 Qc7 18. Qb2 Bf8 19. a4 b6 20. g4 a6 21. Be4 b5
22. axb5 axb5 23. Ne3 Qb6 24. Ng2 Ne7 25. f5 exf5 26. gxf5 Nd5 27. Rg1 Nxc3 28.
Qxc3 Qh6 29. Rcf1 Bc6 30. Bxc6 Qxc6 31. Rf3 Re8 32. Qb2 c4 33. bxc4 bxc4 34.
dxc4 Qxc4 35. Nf4 Rb8 36. Qd2 Qe4 37. Nh5 Qxe2 38. Qc3 Rbc8 39. Rxg7+ 1-0

[Event "19. Int. Boeblinger Open 2002"]
[Site "Boeblingen"]
[Date "2002.12.30"]
[Round "9"]
[White "Galdunts, Sergey"]
[Black "Koch, Moritz"]
[Result "1-0"]
[WhiteElo "2486"]
[BlackElo "2207"]
[PlyCount "71"]
[EventDate "2002.??.??"]

1. e4 c5 2. Nf3 e6 3. Nc3 a6 4. g3 Nc6 5. Bg2 Qc7 6. O-O Nf6 7. Re1 d6 8. d4
cxd4 9. Nxd4 Bd7 10. Nxc6 Bxc6 11. Nd5 Qd8 12. Be3 Nd7 13. Qd2 Bxd5 14. exd5 e5
15. a4 a5 16. b4 Be7 17. Reb1 b6 18. Bh3 Nf6 19. bxa5 bxa5 20. Bb6 Qb8 21. Bxa5
Qa7 22. Bb6 Qb7 23. c4 O-O 24. a5 Qa6 25. Rb5 Ne4 26. Qe3 Ng5 27. Bf1 f5 28. f4
Ne4 29. fxe5 dxe5 30. c5 Bg5 31. Qd3 Qc8 32. d6 Qe8 33. d7 Qh5 34. c6 Nd2 35.
Be2 Qh3 36. Rxe5 1-0

[Event "19. Int. Boeblinger Open 2002"]
[Site "Boeblingen"]
[Date "2002.12.30"]
[Round "9"]
[White "Riedel, Holger"]
[Black "Joachim, Sven"]
[Result "1/2-1/2"]
[WhiteElo "2204"]
[BlackElo "2471"]
[PlyCount "46"]
[EventDate "2002.??.??"]

1. d4 Nf6 2. c4 g6 3. Nc3 d5 4. Nf3 Bg7 5. cxd5 Nxd5 6. e3 O-O 7. Bc4 Nb6 8.
Bb3 c5 9. O-O cxd4 10. exd4 Nc6 11. d5 Na5 12. Re1 Nxb3 13. axb3 Bxc3 14. bxc3
Qxd5 15. Qxd5 Nxd5 16. c4 Nb4 17. Rxe7 Nc6 18. Rc7 f6 19. Bb2 Rf7 20. Rxf7 Kxf7
21. Nd4 Nxd4 22. Bxd4 a6 23. f3 Be6 1/2-1/2

[Event "19. Int. Boeblinger Open 2002"]
[Site "Boeblingen"]
[Date "2002.12.30"]
[Round "9"]
[White "Milosevic, Goran"]
[Black "Gritsch, Christoph"]
[Result "1-0"]
[WhiteElo "2400"]
[BlackElo "2201"]
[PlyCount "59"]
[EventDate "2002.??.??"]

1. e4 c5 2. Nc3 Nc6 3. Nf3 d6 4. d4 cxd4 5. Nxd4 e5 6. Nb3 Nf6 7. g3 Be6 8. Bg2
Qd7 9. O-O Bh3 10. Bg5 Bxg2 11. Kxg2 Be7 12. Bxf6 Bxf6 13. Nd5 Be7 14. Nd2 O-O
15. Nc4 Rfd8 16. a4 Rac8 17. b3 Nd4 18. c3 Ne6 19. Nce3 Bg5 20. Qg4 h5 21. Qxh5
Bxe3 22. fxe3 Nc5 23. b4 Ne6 24. Qh4 Re8 25. Rf5 Nf8 26. Raf1 Re6 27. Rxf7 Qxf7
28. Rxf7 Kxf7 29. Qh5+ g6 30. Qe2 1-0

[Event "19. Int. Boeblinger Open 2002"]
[Site "Boeblingen"]
[Date "2002.12.30"]
[Round "9"]
[White "Olzem, Lothar"]
[Black "Michalczak, Thomas"]
[Result "0-1"]
[WhiteElo "2186"]
[BlackElo "2274"]
[PlyCount "82"]
[EventDate "2002.??.??"]

1. d4 Nf6 2. Nf3 g6 3. c4 c5 4. Nc3 cxd4 5. Nxd4 Bg7 6. Nc2 Nc6 7. g3 O-O 8.
Bg2 d6 9. O-O Qa5 10. Nd5 Nxd5 11. cxd5 Ne5 12. Bd2 Qb6 13. Bc3 Bd7 14. Bd4 Qa6
15. h3 Rfc8 16. b3 Qa5 17. Ne3 Qb4 18. Kh1 Bb5 19. a3 Qa5 20. f4 Nd7 21. a4
Bxe2 22. Qxe2 Bxd4 23. Rad1 Bf6 24. Ng4 Rc3 25. Nxf6+ Nxf6 26. Qxe7 Nh5 27. Rf3
Rxf3 28. Bxf3 Nxg3+ 29. Kh2 Nf5 30. Qxb7 Re8 31. Qb5 Qd8 32. Bg4 Ne3 33. Rg1
Re4 34. Rg3 Qf6 35. f5 Qb2+ 36. Kh1 Qf2 37. f6 Qxf6 38. Bf3 Re7 39. Qb8+ Kg7
40. Qb5 Qf4 41. Kh2 Nf5 0-1

[Event "19. Int. Boeblinger Open 2002"]
[Site "Boeblingen"]
[Date "2002.12.30"]
[Round "9"]
[White "Kabisch, Thilo"]
[Black "Lowitz, Torsten"]
[Result "1-0"]
[WhiteElo "2310"]
[BlackElo "2131"]
[PlyCount "53"]
[EventDate "2002.??.??"]

1. e4 c5 2. Nf3 d6 3. d4 cxd4 4. Nxd4 Nf6 5. Nc3 a6 6. Bc4 e6 7. a3 b5 8. Ba2
Be7 9. O-O O-O 10. f4 Qc7 11. f5 e5 12. Nde2 Bb7 13. Ng3 Nbd7 14. Kh1 Rac8 15.
Bg5 Rfd8 16. Nh5 Qc5 17. Rf3 b4 18. axb4 Qxb4 19. Rg3 Bxe4 20. Bxf6 Bxf6 21.
Qg4 Bxg2+ 22. Rxg2 Qxg4 23. Rxg4 Kf8 24. Rf1 Rb8 25. Nxg7 Rxb2 26. Ne6+ fxe6
27. fxe6 1-0

[Event "19. Int. Boeblinger Open 2002"]
[Site "Boeblingen"]
[Date "2002.12.30"]
[Round "9"]
[White "Haist, Winfried"]
[Black "Werner, Claus"]
[Result "1-0"]
[WhiteElo "2137"]
[BlackElo "2255"]
[PlyCount "39"]
[EventDate "2002.??.??"]

1. e4 c5 2. Nf3 d6 3. d4 cxd4 4. Nxd4 Nf6 5. Nc3 g6 6. Be3 Bg7 7. Be2 O-O 8. h4
d5 9. e5 Ne4 10. f4 Nxc3 11. bxc3 f6 12. e6 f5 13. h5 Nc6 14. hxg6 hxg6 15. g4
Nxd4 16. Bxd4 fxg4 17. Qd3 Qe8 18. Bxg4 Rxf4 19. Qh3 Re4+ 20. Kd1 1-0

[Event "19. Int. Boeblinger Open 2002"]
[Site "Boeblingen"]
[Date "2002.12.30"]
[Round "9"]
[White "Schoenegg, Thomas"]
[Black "Bopp, Thomas"]
[Result "0-1"]
[WhiteElo "2123"]
[BlackElo "2205"]
[PlyCount "36"]
[EventDate "2002.??.??"]

1. d4 g6 2. Nf3 Bg7 3. c4 c5 4. d5 d6 5. Nc3 Bxc3+ 6. bxc3 f5 7. Qc2 Qa5 8. Nd2
Nf6 9. f3 Nbd7 10. Rb1 Ne5 11. Rb5 Qa6 12. Qb3 b6 13. f4 Neg4 14. Qa3 Nxd5 15.
cxd5 Qxb5 16. e4 Qd7 17. Bb2 Ne3 18. Kf2 Nd1+ 0-1